| 000 | 00428nam a2200193Ia 4500 | ||
|---|---|---|---|
| 003 | OSt | ||
| 005 | 20221005114416.0 | ||
| 006 | a|||||r|||| 00| 0 | ||
| 007 | ta | ||
| 008 | 221004b |||||||| |||| 00| 0 eng d | ||
| 024 | _a74655 | ||
| 037 | _cTextual | ||
| 040 |
_aCRL _cCRL _beng |
||
| 041 |
_2eng _aeng |
||
| 082 | _a74nN | ||
| 245 | 0 | _aAsia who's who | |
| 942 |
_h74nN _cTEXL _2cc |
||
| 999 |
_c1031254 _d1031254 |
||